• 首页
  • 本馆介绍
  • 公告通知
  • 最新文献
  • 馆藏检索
  • 电子资源
  • 读者导购
  • 参考咨询
  • 我的图书馆
  • 登录
  • 详细信息显示
  • 放入我的书架
  • 预约/预借图书
  • 作者相关作品
  • 分类相关作品
  • 丛书相关作品
  • 出版社相关作品

书目信息

  • 表格格式
  • 工作单格式
  • 卡片格式
题名:
关于马克思恩格斯历史唯物主义部分书信的解说
    
 
作者: 中共河北省宣传部理论研究室
分册:  
出版信息: 石家庄   河北人民出版社  1979.06
页数: 164
开本: 32
丛书名:
单 册:
中图分类: B0
科图分类:
主题词:
电子资源:
ISBN:
000 00561nam0 2200169 45
001 0181024037
005 20060731165357.62
010    @dCNY0.35
100    @a20810111d km y0chiy0120 ea
101 0  @achi
200 1  @AGUAN YU MA KE SI EN GE SI LI SHI WEI WU ZHU YI BU FEN SHU XI@FZHONG GONG HE BEI SHENG XUAN C@a关于马克思恩格斯历史唯物主义部分书信的解说@f中共河北省宣传部理论研究室
210    @a石家庄@c河北人民出版社@d1979.06
215    @a164@c无图表@d32
690    @aB0
701 0  @a中共河北省宣传部理论研究室
801    @aCN@bTSTC@c20060731
905    @dB0@e182@f2
    
    关于马克思恩格斯历史唯物主义部分书信的解说/中共河北省宣传部理论研究室.-石家庄:河北人民出版社,1979.06
    164:无图表;32
    
    
    ISBN :CNY0.35
    
●
相关链接 在E读中查询图书 在五车中查询图书 在当当中查询图书 在豆瓣中查询图书


正题名:关于马克思恩格斯历史唯物主义部分书信的解说     索取号:B0/182         预约/预借

序号 登录号 条形码 馆藏地/架位号 状态 备注
1 0439972   204399720   密集书库/ [索取号:B0/182] 在馆    
唐山师范学院图书馆 欢迎您!
大连网信软件有限公司© 版权所有